[Event "Reykjavik op"]
[Site "Reykjavik"]
[Date "2010.03.01"]
[Round "7"]
[White "Cori, Jorge Moise"]
[Black "Olsen, Heini"]
[Result "1-0"]
[WhiteElo "2418"]
[BlackElo "2355"]
[PlyCount "117"]
[EventDate "2010.02.24"]
[EventType "swiss"]
[EventRounds "9"]
[EventCountry "ISL"]
[SourceTitle "CBM 135 Extra"]
[Source "ChessBase"]
[SourceDate "2010.05.04"]
[SourceVersion "1"]
[SourceVersionDate "2010.05.04"]
[SourceQuality "1"]

1. e4 e5 2. Nf3 Nc6 3. Bc4 Nf6 4. d3 Be7 5. 0-0 0-0 6. Nbd2 d6 7. a4 Kh8 8. c3 Ng4 9. h3 Nh6 10. d4 f5 11. dxe5 dxe5 12. Bd5 Bd6 13. exf5 Bxf5 14. Ne4 Nf7 15. Re1 Qd7 16. Ng3 Be6 17. Be3 a5 18. Bxe6 Qxe6 19. Ne4 Rad8 20. Qe2 Be7 21. Red1 Rxd1+ 22. Rxd1 Rd8 23. Rxd8+ Ncxd8 24. Qb5 Qc6 25. Nxe5 Qxb5 26. Nxf7+ Nxf7 27. axb5 Ne5 28. b3 c6 29. Bb6 cxb5 30. Bxa5 Nc6 31. Bb6 b4 32. c4 Bd8 33. Bc5 b6 34. Be3 Na5 35. Nd2 Kg8 36. f4 Kf7 37. Kf2 Ke6 38. g4 g6 39. Kf3 Nb7 40. Ke4 Nd6+ 41. Kd3 h5 42. Nf3 hxg4 43. hxg4 Nb7 44. Nd4+ Kd6 45. Nb5+ Kc6 46. Nd4+ Kd6 47. Bd2 Nc5+ 48. Ke3 Na6 49. Nc2 Kc5 50. Ke4 Bf6 51. Be3+ Kc6 52. Nd4+ Kd6 53. Nb5+ Kc6 54. f5 g5 55. Nd4+ Kd6 56. Ne6 Kc6 57. Bd4 Bxd4 58. Kxd4 Kd6 59. Nxg5 1-0

[Event "Reykjavik op"]
[Site "Reykjavik"]
[Date "2010.02.26"]
[Round "3"]
[White "Unnarsson, Sverrir"]
[Black "Olsen, Heini"]
[Result "0-1"]
[WhiteElo "1958"]
[BlackElo "2355"]
[PlyCount "66"]
[EventDate "2010.02.24"]
[EventType "swiss"]
[EventRounds "9"]
[EventCountry "ISL"]
[SourceTitle "CBM 135 Extra"]
[Source "ChessBase"]
[SourceDate "2010.05.04"]
[SourceVersion "1"]
[SourceVersionDate "2010.05.04"]
[SourceQuality "1"]

1. e4 e5 2. f4 Bc5 3. Nf3 d6 4. Bc4 Nc6 5. c3 Qe7 6. Qe2 Bg4 7. d3 Nf6 8. Be3 Bxe3 9. Qxe3 exf4 10. Qxf4 d5 11. Bb5 dxe4 12. Bxc6+ bxc6 13. dxe4 Bxf3 14. gxf3 Nd5 15. Qd2 Rd8 16. 0-0 Qc5+ 17. Qf2 Ne3 18. Kh1 f5 19. Na3 Qb6 20. Rg1 0-0 21. Nc2 Qxb2 22. Qxe3 Qxc2 23. Qc5 Rd6 24. Rxg7+ Kxg7 25. Qe5+ Kg8 26. Rg1+ Rg6 27. Qe6+ Rf7 28. Qe8+ Kg7 29. Qe5+ Kf8 30. Rxg6 hxg6 31. Qh8+ Ke7 32. Qe5+ Kd7 33. Qd4+ Kc8 0-1

[Event "ISL-chT 0910"]
[Site "Reykjavik"]
[Date "2009.09.27"]
[Round "4"]
[White "Olsen, Heini"]
[Black "Ornolfsson, Magnus P"]
[Result "1-0"]
[WhiteElo "2355"]
[BlackElo "2214"]
[PlyCount "85"]
[EventDate "2009.09.25"]
[EventType "team-tourn"]
[EventRounds "7"]
[EventCountry "ISL"]
[SourceTitle "CBM 132 Extra"]
[Source "ChessBase"]
[SourceDate "2009.11.03"]
[SourceVersion "1"]
[SourceVersionDate "2009.11.03"]
[SourceQuality "1"]

1. Nf3 Nf6 2. c4 e6 3. g3 d5 4. d4 c6 5. Bg2 Bd6 6. 0-0 Nbd7 7. Nc3 0-0 8. Bg5 h6 9. Bxf6 Nxf6 10. Qd3 b6 11. e4 dxe4 12. Nxe4 Bb7 13. Rfd1 Nxe4 14. Qxe4 Qe7 15. Ne5 Bxe5 16. Qxe5 Rfd8 17. Rac1 c5 18. d5 Rd6 19. Re1 Rad8 20. Qf4 Bc8 21. Re5 Qf6 22. Qe3 exd5 23. cxd5 g6 24. h4 h5 25. Rc4 Bd7 26. Rf4 Bf5 27. Rfxf5 gxf5 28. Qf4 Qg7 29. Rxf5 Rg6 30. Qc7 Rdd6 31. Rxh5 Qf6 32. Be4 Rg7 33. Rf5 Qd8 34. Qxa7 Qxh4 35. Qb8+ Rd8 36. Qe5 Qh6 37. Rf6 Qc1+ 38. Kg2 b5 39. d6 Qd2 40. Qe7 Rf8 41. d7 Rg4 42. Rd6 Rxe4 43. Qxf8+ 1-0

[Event "EU Small Countries ol"]
[Site "Andorra"]
[Date "2009.06.25"]
[Round "7"]
[White "Kobler, Mario"]
[Black "Olsen, Heini"]
[Result "1/2-1/2"]
[WhiteElo "2096"]
[BlackElo "2382"]
[PlyCount "56"]
[EventDate "2009.06.21"]
[EventType "team"]
[EventRounds "9"]
[EventCountry "AND"]
[SourceTitle "CBM 130 Extra"]
[Source "ChessBase"]
[SourceDate "2009.07.02"]
[SourceVersion "2"]
[SourceVersionDate "2009.07.15"]
[SourceQuality "1"]

1. c4 g6 2. g3 Bg7 3. Bg2 d6 4. Nf3 Nf6 5. 0-0 0-0 6. Nc3 e5 7. Rb1 a5 8. d3 Nc6 9. Bg5 h6 10. Bxf6 Bxf6 11. a3 Be6 12. Ne1 Qd7 13. b4 axb4 14. axb4 Rab8 15. Nc2 Bg7 16. e3 Ne7 17. Nd5 c6 18. Nxe7+ Qxe7 19. b5 d5 20. Nb4 Qd7 21. Qa4 dxc4 22. bxc6 bxc6 23. Bxc6 Qd6 24. dxc4 Bxc4 25. Rfd1 Qe6 26. Bd7 Qf6 27. Qc2 Be6 28. Nd5 Bxd5 1/2-1/2

[Event "Olympiad-38"]
[Site "Dresden"]
[Date "2008.11.23"]
[Round "10"]
[White "Khairallah, Faisal"]
[Black "Olsen, Heini"]
[Result "0-1"]
[WhiteElo "2337"]
[BlackElo "2376"]
[PlyCount "80"]
[EventDate "2008.11.13"]
[EventType "team-swiss"]
[EventRounds "11"]
[EventCountry "GER"]
[SourceTitle "CBM 128"]
[Source "ChessBase"]
[SourceDate "2009.01.28"]
[SourceVersion "1"]
[SourceVersionDate "2009.01.28"]
[SourceQuality "1"]
[WhiteTeam "Lebanon"]
[BlackTeam "Faroe Islands"]
[WhiteTeamCountry "LBN"]
[BlackTeamCountry "FAI"]

1. e4 e5 2. Nf3 Nc6 3. Bb5 a6 4. Ba4 Nf6 5. 0-0 Be7 6. Re1 b5 7. Bb3 d6 8. c3 0-0 9. h3 Na5 10. Bc2 c5 11. d4 Qc7 12. Nbd2 Bd7 13. Nf1 Nc4 14. Ng3 g6 15. b3 Nb6 16. Bg5 Rfd8 17. Qd2 b4 18. d5 bxc3 19. Qxc3 Rdc8 20. Be3 a5 21. Nd2 a4 22. Nc4 Rcb8 23. f4 axb3 24. axb3 Rxa1 25. Rxa1 exf4 26. Bxf4 Be8 27. Rf1 Nxc4 28. bxc4 Nd7 29. Ba4 Bf6 30. Qc1 Ne5 31. Bxe8 Rxe8 32. Bh6 Bh8 33. Qg5 Qe7 34. Qxe7 Rxe7 35. Ra1 Nf3+ 36. gxf3 Bxa1 37. Bf4 Rd7 38. Ne2 Kf8 39. Bg3 Ke7 40. Nc1 Rb7 0-1

[Event "Olympiad-38"]
[Site "Dresden"]
[Date "2008.11.20"]
[Round "7"]
[White "Solomon, Kenny"]
[Black "Olsen, Heini"]
[Result "1-0"]
[WhiteElo "2337"]
[BlackElo "2376"]
[PlyCount "93"]
[EventDate "2008.11.13"]
[EventType "team-swiss"]
[EventRounds "11"]
[EventCountry "GER"]
[SourceTitle "CBM 128"]
[Source "ChessBase"]
[SourceDate "2009.01.28"]
[SourceVersion "1"]
[SourceVersionDate "2009.01.28"]
[SourceQuality "1"]
[WhiteTeam "South Africa"]
[BlackTeam "Faroe Islands"]
[WhiteTeamCountry "RSA"]
[BlackTeamCountry "FAI"]

1. d4 d5 2. Nf3 Nf6 3. c4 c6 4. e3 a6 5. b3 Bg4 6. Be2 e6 7. 0-0 Nbd7 8. Bb2 Bd6 9. Nbd2 Qb8 10. h3 Bh5 11. Nh4 Bxe2 12. Qxe2 0-0 13. Nhf3 Re8 14. Rad1 e5 15. dxe5 Nxe5 16. cxd5 cxd5 17. Nd4 Qc8 18. N2f3 Ng6 19. Qc2 Qd8 20. Nf5 Bb4 21. Bxf6 Qxf6 22. Rxd5 Rac8 23. Qd3 Qb2 24. Rd7 b5 25. Rxf7 Kxf7 26. Ng5+ Kf6 27. Nxh7+ Ke6 28. Nd4+ Kd7 29. Qxg6 Rc1 30. Qxg7+ Kc8 31. Qg4+ Kc7 32. Rxc1+ Qxc1+ 33. Kh2 Re5 34. Nf3 Re7 35. Qxb4 Rxh7 36. a4 Qc2 37. Qf4+ Kb6 38. Nd4 Qc5 39. Qf6+ Ka5 40. Nc6+ Kb6 41. Nd4+ Ka5 42. axb5 axb5 43. g3 Kb4 44. h4 Qd5 45. Qf8+ Ka5 46. Qf3 Qd7 47. Qc6 1-0

[Event "Olympiad-38"]
[Site "Dresden"]
[Date "2008.11.19"]
[Round "6"]
[White "Olsen, Heini"]
[Black "Gonzalez Acosta, Bernal Manuel"]
[Result "0-1"]
[WhiteElo "2376"]
[BlackElo "2432"]
[PlyCount "64"]
[EventDate "2008.11.13"]
[EventType "team-swiss"]
[EventRounds "11"]
[EventCountry "GER"]
[SourceTitle "CBM 128"]
[Source "ChessBase"]
[SourceDate "2009.01.28"]
[SourceVersion "1"]
[SourceVersionDate "2009.01.28"]
[SourceQuality "1"]
[WhiteTeam "Faroe Islands"]
[BlackTeam "Costa Rica"]
[WhiteTeamCountry "FAI"]
[BlackTeamCountry "CRI"]

1. d4 f5 2. g3 Nf6 3. Bg2 g6 4. Nh3 Bg7 5. c4 Nc6 6. d5 Ne5 7. Qb3 d6 8. Nf4 c6 9. h4 Qa5+ 10. Nc3 Nfg4 11. 0-0 Qc5 12. dxc6 bxc6 13. Na4 Qa5 14. Nc3 Bd7 15. Bd2 Qc5 16. Rac1 Nxc4 17. Be1 Na5 18. Qd1 Qb6 19. Ncd5 Qd8 20. b4 Nb7 21. Nxe7 Qxe7 22. b5 Nc5 23. bxc6 Be6 24. Bb4 Rc8 25. e4 fxe4 26. Bh3 Nxf2 27. Rxf2 Bxh3 28. Nxh3 Nd3 29. Qg4 Rc7 30. Re2 Nxc1 31. Rxe4 Be5 32. Rxe5 Qxe5 0-1

[Event "Olympiad-38"]
[Site "Dresden"]
[Date "2008.11.17"]
[Round "5"]
[White "Olsen, Heini"]
[Black "Cueto Chajtur, Johny"]
[Result "1-0"]
[WhiteElo "2376"]
[BlackElo "2320"]
[PlyCount "120"]
[EventDate "2008.11.13"]
[EventType "team-swiss"]
[EventRounds "11"]
[EventCountry "GER"]
[SourceTitle "CBM 128"]
[Source "ChessBase"]
[SourceDate "2009.01.28"]
[SourceVersion "1"]
[SourceVersionDate "2009.01.28"]
[SourceQuality "1"]
[WhiteTeam "Faroe Islands"]
[BlackTeam "Bolivia"]
[WhiteTeamCountry "FAI"]
[BlackTeamCountry "BOL"]

1. d4 b6 2. e4 Bb7 3. Bd3 g6 4. Nf3 Bg7 5. 0-0 d6 6. Re1 e5 7. c3 Ne7 8. Na3 0-0 9. Nc4 exd4 10. cxd4 d5 11. exd5 Nxd5 12. Bg5 Bf6 13. Bh6 Bg7 14. Qd2 Nd7 15. Rad1 Bxh6 16. Qxh6 Qf6 17. Nce5 Rad8 18. Ng5 Qh8 19. Nexf7 Rxf7 20. Bxg6 Rg7 21. Bf5 Nf8 22. Be6+ Nxe6 23. Qxe6+ Kf8 24. Re5 Rxg5 25. Rxg5 Rd6 26. Rf5+ Nf6 27. Qe5 Qg7 28. d5 Qe7 29. Qc3 Bxd5 30. Rdxd5 Rxd5 31. Rxf6+ Kg8 32. h3 Qe5 33. Qf3 Rd1+ 34. Qxd1 Qxf6 35. Qg4+ Kf7 36. Qc4+ Kg6 37. Qc2+ Kh6 38. Qc3 Qd6 39. h4 Kh5 40. Qf3+ Kg6 41. Qe4+ Kg7 42. g3 a5 43. Kg2 c5 44. b3 Qc7 45. a4 Qf7 46. Qg4+ Kh8 47. Qf3 Qe7 48. Qd5 Qf6 49. f4 Qb2+ 50. Kh3 Qf2 51. Qd8+ Kg7 52. Qe7+ Kg8 53. Kg4 h5+ 54. Kxh5 Qf3+ 55. Kh6 Qc6+ 56. Kg5 Qd5+ 57. f5 Qxb3 58. Qe8+ Kh7 59. Qe7+ Kh8 60. Kh6 Qxg3 1-0

[Event "Olympiad-38"]
[Site "Dresden"]
[Date "2008.11.16"]
[Round "4"]
[White "Stellwagen, Daniel"]
[Black "Olsen, Heini"]
[Result "1-0"]
[WhiteElo "2605"]
[BlackElo "2376"]
[PlyCount "93"]
[EventDate "2008.11.13"]
[EventType "team-swiss"]
[EventRounds "11"]
[EventCountry "GER"]
[SourceTitle "CBM 128"]
[Source "ChessBase"]
[SourceDate "2009.01.28"]
[SourceVersion "1"]
[SourceVersionDate "2009.01.28"]
[SourceQuality "1"]
[WhiteTeam "Netherlands"]
[BlackTeam "Faroe Islands"]
[WhiteTeamCountry "NED"]
[BlackTeamCountry "FAI"]

1. e4 e5 2. Nf3 Nc6 3. Bb5 a6 4. Ba4 Nf6 5. 0-0 Be7 6. Re1 b5 7. Bb3 d6 8. c3 0-0 9. h3 Na5 10. Bc2 c5 11. d4 Qc7 12. Nbd2 Bd7 13. Nf1 Nc4 14. b3 Nb6 15. Ne3 c4 16. bxc4 Nxc4 17. Nxc4 bxc4 18. Ba3 Rfe8 19. Qd2 Rab8 20. Rad1 Bf8 21. Bb4 Bc6 22. Qc1 Qb7 23. d5 Bd7 24. Qa3 Qc7 25. Ba5 Qc8 26. Bb4 Qc7 27. Nd2 Rec8 28. Ba5 Qa7 29. Rb1 Bb5 30. Rb4 g6 31. Reb1 Bh6 32. Nf3 Be3 33. fxe3 Qxe3+ 34. Kh1 Nxe4 35. Bxe4 Qxe4 36. Qc1 Ra8 37. a4 Bd7 38. Rb7 Bxh3 39. Qh6 Bxg2+ 40. Kxg2 Qg4+ 41. Kf2 e4 42. Nd4 Re8 43. Rh1 e3+ 44. Ke1 Qg3+ 45. Kd1 e2+ 46. Nxe2 Qd3+ 47. Kc1 1-0

[Event "Olympiad-38"]
[Site "Dresden"]
[Date "2008.11.15"]
[Round "3"]
[White "Olsen, Heini"]
[Black "Sargissian, Gabriel"]
[Result "0-1"]
[WhiteElo "2376"]
[BlackElo "2642"]
[PlyCount "82"]
[EventDate "2008.11.13"]
[EventType "team-swiss"]
[EventRounds "11"]
[EventCountry "GER"]
[SourceTitle "CBM 128"]
[Source "ChessBase"]
[SourceDate "2009.01.28"]
[SourceVersion "1"]
[SourceVersionDate "2009.01.28"]
[SourceQuality "1"]
[WhiteTeam "Faroe Islands"]
[BlackTeam "Armenia"]
[WhiteTeamCountry "FAI"]
[BlackTeamCountry "ARM"]

1. d4 Nf6 2. c4 e6 3. Nf3 b6 4. g3 Ba6 5. b3 Bb4+ 6. Bd2 Be7 7. Bg2 c6 8. Bc3 d5 9. Nbd2 Nbd7 10. 0-0 0-0 11. Re1 Bb7 12. e4 a5 13. Qc2 Rc8 14. Rad1 Qc7 15. h4 Rfd8 16. Ng5 Nf8 17. e5 Ne8 18. Bf1 c5 19. Qb2 cxd4 20. Bxd4 h6 21. Ngf3 dxc4 22. bxc4 Nd7 23. Rb1 Bc6 24. Ne4 Nc5 25. Bxc5 Bxc5 26. Nxc5 bxc5 27. Bg2 Rd3 28. Qe2 Rcd8 29. Red1 Be4 30. Rbc1 Rxd1+ 31. Rxd1 Rxd1+ 32. Qxd1 g6 33. Qd2 Bxf3 34. Bxf3 Ng7 35. Bg4 h5 36. Bh3 a4 37. Qe3 Qb6 38. Qd2 a3 39. Kg2 Qb2 40. Qd8+ Kh7 41. Qf6 Qxa2 0-1

[Event "FAI-chT 0809"]
[Site "Faroe Islands"]
[Date "2008.11.02"]
[Round "4.1"]
[White "Olsen, Heini"]
[Black "Poulsen, Martin"]
[Result "1/2-1/2"]
[WhiteElo "2382"]
[BlackElo "2328"]
[PlyCount "183"]
[EventDate "2008.09.28"]
[EventType "team-tourn"]
[EventRounds "10"]
[EventCountry "FAI"]
[SourceTitle "EXT 2011"]
[Source "ChessBase"]
[SourceDate "2010.11.26"]
[SourceVersion "1"]
[SourceVersionDate "2010.11.26"]
[SourceQuality "1"]

1. d4 d6 2. e4 e5 3. Nf3 Qe7 4. Nc3 c6 5. Bg5 Nf6 6. dxe5 dxe5 7. Qd2 h6 8. Bh4 Bg4 9. 0-0-0 Nbd7 10. Kb1 g5 11. Bg3 Nh5 12. Be2 Nf4 13. Bxf4 gxf4 14. g3 fxg3 15. hxg3 Bxf3 16. Bxf3 0-0-0 17. Bg4 Bg7 18. Qe2 Kb8 19. Bxd7 Rxd7 20. Qg4 Rxd1+ 21. Rxd1 Bf6 22. Rd7 Qe8 23. Na4 Rg8 24. Qf5 Rg5 25. Qh3 Be7 26. Rd3 Rg6 27. Qf5 Rg5 28. Qh3 Rg6 29. a3 Qc8 30. Qh5 Qe6 31. Qd1 Rg4 32. Nc3 h5 33. Qe2 h4 34. gxh4 Bxh4 35. f3 Rg3 36. Nd1 f5 37. exf5 Qxf5 38. Qe4 Qxe4 39. fxe4 Rg1 40. Ka2 Rg2 41. Ne3 Re2 42. Nf5 Bf2 43. Rd7 Bc5 44. b4 Bb6 45. Kb3 Bc7 46. Rg7 b6 47. Rg4 Kb7 48. c3 Re1 49. Ng7 b5 50. Ne6 Bb6 51. a4 bxa4+ 52. Kxa4 a5 53. bxa5 Ra1+ 54. Kb3 Rxa5 55. Rg5 Ka6 56. Nf8 Be3 57. Rf5 Bf4 58. Ne6 Be3 59. Nd8 Kb6 60. Rf6 Rc5 61. Rf7 Bd2 62. c4 Ra5 63. Rb7+ Ka6 64. Rd7 Bf4 65. Nxc6 Rc5 66. Nb4+ Kb6 67. Re7 Rc8 68. Nd3 Bh2 69. Re6+ Kc7 70. Nxe5 Rd8 71. Kb4 Rd1 72. Re7+ Kb6 73. c5+ Ka6 74. Nc6 Rb1+ 75. Kc4 Rc1+ 76. Kd5 Rd1+ 77. Ke6 Kb5 78. Rh7 Bg1 79. Nb8 Bxc5 80. Nd7 Ba3 81. Rh5+ Kc4 82. Nb6+ Kb4 83. Rh3 Bc1 84. Nd5+ Kc5 85. Rc3+ Kd4 86. Rc8 Re1 87. Nf6 Bb2 88. Rb8 Bc3 89. Rd8+ Kc4 90. Rc8+ Kd3 91. Rd8+ Kc4 92. Rc8+ 1/2-1/2

[Event "Klaksvik"]
[Site "Klaksvik"]
[Date "2008.10.16"]
[Round "7"]
[White "Semcesen, Daniel"]
[Black "Olsen, Heini"]
[Result "1-0"]
[WhiteElo "2402"]
[BlackElo "2376"]
[PlyCount "81"]
[EventDate "2008.10.11"]
[EventType "tourn"]
[EventRounds "9"]
[EventCountry "FAI"]
[EventCategory "8"]
[SourceTitle "CBM 126 Extra"]
[Source "ChessBase"]
[SourceDate "2008.11.05"]
[SourceVersion "1"]
[SourceVersionDate "2008.11.05"]
[SourceQuality "1"]

1. d4 Nf6 2. Nf3 e6 3. c4 b6 4. Nc3 Bb7 5. a3 d5 6. Bg5 Be7 7. Qa4+ c6 8. Bxf6 Bxf6 9. cxd5 exd5 10. g3 0-0 11. Bg2 Re8 12. 0-0 Na6 13. b4 Nc7 14. Rfe1 Ne6 15. e3 h5 16. Rad1 h4 17. Qb3 g6 18. Ne5 hxg3 19. hxg3 Qd6 20. Ng4 Bg7 21. b5 Rad8 22. bxc6 Bxc6 23. Qb4 Qb8 24. Qb3 Qb7 25. f4 Re7 26. Ne5 Bxe5 27. fxe5 Ng5 28. Rf1 Qd7 29. Rf6 Kg7 30. Qa2 Rh8 31. Rdf1 Qg4 32. Qf2 Rc7 33. Rf4 Qe6 34. g4 a6 35. Qg3 Bb7 36. Rf6 Qe7 37. e6 fxe6 38. Qe5 Kh6 39. Ne2 Rg8 40. Kf2 Qxf6+ 41. Qxf6 1-0

[Event "Klaksvik"]
[Site "Klaksvik"]
[Date "2008.10.13"]
[Round "3"]
[White "Akesson, Ralf"]
[Black "Olsen, Heini"]
[Result "1-0"]
[WhiteElo "2484"]
[BlackElo "2376"]
[PlyCount "65"]
[EventDate "2008.10.11"]
[EventType "tourn"]
[EventRounds "9"]
[EventCountry "FAI"]
[EventCategory "8"]
[SourceTitle "CBM 126 Extra"]
[Source "ChessBase"]
[SourceDate "2008.11.05"]
[SourceVersion "1"]
[SourceVersionDate "2008.11.05"]
[SourceQuality "1"]

1. d4 d5 2. c4 c6 3. Nf3 Nf6 4. Qc2 dxc4 5. Qxc4 Bf5 6. g3 e6 7. Bg2 Nbd7 8. 0-0 Be7 9. Nc3 0-0 10. Qb3 Qb6 11. Nd2 Qxd4 12. Qxb7 Rab8 13. Qa6 Nd5 14. e4 Nc5 15. Qa5 Nb4 16. exf5 Bd8 17. Qxa7 Bb6 18. Qe7 Nc2 19. Nf3 Qc4 20. Ne5 Qa6 21. Qh4 exf5 22. Nxc6 Nxa1 23. Bf4 Rbe8 24. Nb4 Qc4 25. Bd6 Ne4 26. Nxe4 fxe4 27. Rxa1 Bd8 28. Qf4 Be7 29. Bxe4 g6 30. Bxe7 Rxe7 31. Nd5 Re6 32. Bf3 Qc2 33. Qd4 1-0

[Event "Klaksvik"]
[Site "Klaksvik"]
[Date "2008.10.12"]
[Round "2"]
[White "Olsen, Heini"]
[Black "Grabarczyk, Miroslaw"]
[Result "1/2-1/2"]
[WhiteElo "2376"]
[BlackElo "2516"]
[PlyCount "43"]
[EventDate "2008.10.11"]
[EventType "tourn"]
[EventRounds "9"]
[EventCountry "FAI"]
[EventCategory "8"]
[SourceTitle "CBM 126 Extra"]
[Source "ChessBase"]
[SourceDate "2008.11.05"]
[SourceVersion "1"]
[SourceVersionDate "2008.11.05"]
[SourceQuality "1"]

1. d4 d5 2. c4 e6 3. Nf3 Nf6 4. Nc3 Be7 5. Bg5 0-0 6. e3 h6 7. Bh4 Ne4 8. Bxe7 Qxe7 9. Rc1 c6 10. Bd3 Nxc3 11. Rxc3 Nd7 12. 0-0 dxc4 13. Bxc4 b6 14. Bd3 c5 15. Be4 Rb8 16. Qc2 Nf6 17. dxc5 Nxe4 18. Qxe4 bxc5 19. b3 Bb7 20. Qe5 Bxf3 21. gxf3 Rbc8 22. Rd1 1/2-1/2

[Event "Politiken Cup 30th"]
[Site "Helsingor"]
[Date "2008.07.25"]
[Round "8"]
[White "Olsen, Heini"]
[Black "Christensen, Bo Garner"]
[Result "1-0"]
[WhiteElo "2368"]
[BlackElo "2247"]
[PlyCount "83"]
[EventDate "2008.07.19"]
[EventType "swiss"]
[EventRounds "10"]
[EventCountry "DEN"]
[SourceTitle "CBM 125 Extra"]
[Source "ChessBase"]
[SourceDate "2008.09.01"]
[SourceVersion "1"]
[SourceVersionDate "2008.09.01"]
[SourceQuality "1"]

1. Nf3 Nf6 2. c4 g6 3. Nc3 Bg7 4. e4 d6 5. d4 0-0 6. Be2 e5 7. d5 a5 8. Bg5 h6 9. Bh4 Na6 10. Nd2 Qe8 11. 0-0 g5 12. Bg3 Bd7 13. b3 a4 14. bxa4 Nc5 15. a5 Rxa5 16. Nb3 Ra6 17. Nxc5 dxc5 18. a4 Qe7 19. Qc2 Ne8 20. Nb5 f5 21. f3 f4 22. Bf2 Rg6 23. Ra3 h5 24. h3 g4 25. fxg4 hxg4 26. Bxg4 Bxg4 27. hxg4 Rxg4 28. Qe2 Qg5 29. Bxc5 Rf7 30. Rh3 Nf6 31. d6 cxd6 32. Nxd6 Bf8 33. Rh8+ Kg7 34. Rxf8 Rxf8 35. Nf5+ Kg8 36. Bxf8 Kxf8 37. Qf3 Nh5 38. Rb1 Ng3 39. Rxb7 Rh4 40. Qa3+ Kg8 41. Nxh4 Qxh4 42. Qd3 1-0

[Event "Politiken Cup 30th"]
[Site "Helsingor"]
[Date "2008.07.24"]
[Round "7"]
[White "Pavlovskaya, Evgenija"]
[Black "Olsen, Heini"]
[Result "0-1"]
[WhiteElo "2210"]
[BlackElo "2368"]
[PlyCount "88"]
[EventDate "2008.07.19"]
[EventType "swiss"]
[EventRounds "10"]
[EventCountry "DEN"]
[SourceTitle "CBM 125 Extra"]
[Source "ChessBase"]
[SourceDate "2008.09.01"]
[SourceVersion "1"]
[SourceVersionDate "2008.09.01"]
[SourceQuality "1"]

1. e4 e5 2. Nf3 Nc6 3. Bb5 a6 4. Ba4 Nf6 5. d3 d6 6. c3 g6 7. 0-0 Bg7 8. Nbd2 0-0 9. Re1 b5 10. Bc2 Re8 11. a4 Bb7 12. Nf1 Nb8 13. axb5 axb5 14. Rxa8 Bxa8 15. Bg5 h6 16. Qa1 Nbd7 17. Bd2 d5 18. Qa5 Bc6 19. exd5 Nxd5 20. d4 N5b6 21. Be4 Nc4 22. Qb4 Bxe4 23. Rxe4 Nd6 24. Re2 exd4 25. Rxe8+ Qxe8 26. cxd4 Qe4 27. Ne3 Nf8 28. h3 Ne6 29. Bc3 Nf4 30. Qc5 Nxh3+ 31. gxh3 Qxf3 32. Qxc7 Ne4 33. Qh2 Ng5 34. h4 Nh3+ 35. Kf1 Nf4 36. Qg3 Qh1+ 37. Qg1 Qh3+ 38. Ke1 b4 39. Bd2 Bxd4 40. b3 Qf3 41. Qf1 Bxe3 42. Bxe3 Ng2+ 43. Kd2 Nxe3 44. Qe1 Ng4 0-1

[Event "Politiken Cup 30th"]
[Site "Helsingor"]
[Date "2008.07.22"]
[Round "5"]
[White "Andersen, Lars Christoff"]
[Black "Olsen, Heini"]
[Result "0-1"]
[WhiteElo "2131"]
[BlackElo "2368"]
[PlyCount "64"]
[EventDate "2008.07.19"]
[EventType "swiss"]
[EventRounds "10"]
[EventCountry "DEN"]
[SourceTitle "CBM 125 Extra"]
[Source "ChessBase"]
[SourceDate "2008.09.01"]
[SourceVersion "1"]
[SourceVersionDate "2008.09.01"]
[SourceQuality "1"]

1. d4 Nf6 2. Nf3 e6 3. e3 b6 4. Bd3 Bb7 5. Nbd2 c5 6. c3 cxd4 7. cxd4 Be7 8. 0-0 0-0 9. Re1 d5 10. a3 Ne4 11. Qc2 f5 12. Ne5 Bd6 13. Ndf3 Nd7 14. Nxd7 Qxd7 15. Ne5 Bxe5 16. dxe5 Rac8 17. Qe2 Nc5 18. Bd2 d4 19. Bb4 dxe3 20. Bxc5 Rxc5 21. Qxe3 f4 22. Qh3 g6 23. Be4 Bxe4 24. Rxe4 Rc2 25. Qg4 Rf5 26. h4 Qc6 27. Ree1 f3 28. h5 Rxf2 29. Kxf2 Qc2+ 30. Ke3 f2 31. Rf1 Rxe5+ 32. Kf3 Qd3+ 0-1

[Event "Politiken Cup 29th"]
[Site "Copenhagen"]
[Date "2007.07.24"]
[Round "5"]
[White "Salama, Omar"]
[Black "Olsen, Heini"]
[Result "0-1"]
[WhiteElo "2173"]
[BlackElo "2350"]
[PlyCount "134"]
[EventDate "2007.07.21"]
[EventType "swiss"]
[EventRounds "10"]
[EventCountry "DEN"]
[SourceTitle "CBM 119 Extra"]
[Source "ChessBase"]
[SourceDate "2007.09.04"]
[SourceVersion "1"]
[SourceVersionDate "2007.09.04"]
[SourceQuality "1"]

1. d4 Nf6 2. c4 e6 3. Nf3 b6 4. Nc3 Bb7 5. Bg5 h6 6. Bh4 Be7 7. e3 Ne4 8. Bxe7 Qxe7 9. Nxe4 Bxe4 10. Be2 0-0 11. 0-0 c5 12. Nd2 Bb7 13. Bf3 d6 14. Bxb7 Qxb7 15. Qf3 Nc6 16. Rfd1 cxd4 17. exd4 d5 18. cxd5 Nxd4 19. Qg4 e5 20. Nf3 f5 21. Qh4 Qxd5 22. Nxd4 Rad8 23. Rd3 exd4 24. Rad1 Rfe8 25. f3 Qxa2 26. Qf2 Qc4 27. h3 a5 28. Rxd4 Rxd4 29. Rxd4 Qc1+ 30. Kh2 Re1 31. Qd2 Qxd2 32. Rxd2 Kf7 33. Rd5 Kf6 34. Rb5 Re6 35. Kg3 Rc6 36. h4 Rd6 37. Kf4 Rd4+ 38. Ke3 Rd6 39. Kf4 g6 40. g4 fxg4 41. fxg4 Ke6 42. Ke4 Rc6 43. Kd4 Kd6 44. b3 Kd7 45. h5 Rd6+ 46. Kc3 Kc6 47. Re5 g5 48. Rf5 b5 49. Rf8 Kd5 50. Kd3 Kc5+ 51. Kc3 b4+ 52. Kc2 Kd4 53. Re8 Rf6 54. Rd8+ Ke4 55. Rg8 Rf2+ 56. Kc1 Kd3 57. Rc8 Rf4 58. Kb2 Rxg4 59. Rd8+ Rd4 60. Rh8 Rd6 61. Ra8 Rf6 62. Rd8+ Ke4 63. Re8+ Kf3 64. Rg8 g4 65. Rg6 Rf5 66. Rxh6 g3 67. Rg6 Rxh5 0-1

[Event "Klaksvik"]
[Site "Klaksvik"]
[Date "2005.09.17"]
[Round "3"]
[White "Gullaksen, Eirik Tvedt"]
[Black "Olsen, Heini"]
[Result "0-1"]
[WhiteElo "2382"]
[BlackElo "2325"]
[PlyCount "50"]
[EventDate "2005.09.16"]
[EventType "tourn"]
[EventRounds "10"]
[EventCountry "FAI"]
[EventCategory "4"]
[SourceTitle "CBM 108 Extra"]
[Source "ChessBase"]
[SourceDate "2005.11.04"]
[SourceVersion "1"]
[SourceVersionDate "2005.11.04"]
[SourceQuality "1"]

1. e4 e5 2. Nf3 Nc6 3. Bb5 a6 4. Ba4 Nf6 5. d3 b5 6. Bb3 Be7 7. Nc3 d6 8. a3 Be6 9. Bxe6 fxe6 10. 0-0 0-0 11. d4 Nxd4 12. Nxd4 exd4 13. Qxd4 Nd7 14. Be3 Bf6 15. Qd2 Ne5 16. b3 Ng4 17. Bd4 Bxd4 18. Qxd4 Qh4 19. h3 Ne5 20. Qe3 Rf3 21. Qe1 Rxh3 22. gxh3 Nf3+ 23. Kg2 Nxe1+ 24. Raxe1 Qg5+ 25. Kh1 Rf8 0-1